| 000 | 00645 a2200169 4500 | ||
|---|---|---|---|
| 020 | _a0470854340 | ||
| 040 |
_aDLC _bDLC |
||
| 082 | _a621.382 | ||
| 100 | 1 | _aUtas, Greg. | |
| 245 | 1 | 0 |
_aRobust communications software: extreme availability, reliability and scalability for carrier-grade systems _bextreme availability, reliability and scalability for carrier-grade systems _cGreg Utas. |
| 260 |
_aChichester : _bJohn Wiley & Sons, _cc2005. |
||
| 300 |
_axvii, 331 p. : _bill. ; _c25 cm. |
||
| 650 | 0 | _aTelecommunication systems. | |
| 650 | 0 | _aEmbedded computer systems. | |
| 650 | 0 |
_aComputer software _xDevelopment. |
|
| 942 |
_cBK _k621.382 UTA _2ddc |
||
| 999 |
_c8233 _d8233 |
||